Normal view MARC view

Entry Personal Name

Number of records used in: 3

001 - CONTROL NUMBER

  • control field: 1232

003 - CONTROL NUMBER IDENTIFIER

  • control field: OSt

005 - DATE AND TIME OF LATEST TRANSACTION

  • control field: 20260203160902.0

008 - FIXED-LENGTH DATA ELEMENTS

  • fixed length control field: 260203|| aca||aabn | a|a d

040 ## - CATALOGING SOURCE

  • Original cataloging agency: OSt
  • Transcribing agency: OSt

100 ## - HEADING--PERSONAL NAME

  • Personal name: Prathibha S Nair

670 ## - SOURCE DATA FOUND

  • Source citation: Work cat.: (OSt)38174: Prathibha S Nair, Artificial Intelligence and Data Science: GNEST305 KTU 2024 Scheme, 2025